000 00776nas a2200265 4500
001 BR0404590
003 BR-BrBNA
005 20231205104901.0
007 ta
008 230509b bl.|||p| |||| 00| 00por d
040 _aBR-BrBNA
_bpor
_cBiblioteca Nacional de Agricultura
041 _a(Pt)
072 _aL74; L02
100 1 _aLesponne, I.
100 1 _aVerwaerde, P.
100 1 _aPriymenko, N.
245 1 _aAlimentação por via parenteral: objetivos e indicações
650 _aCÃO
650 _aGATO
650 _aDEFICIÊNCIA NUTRICIONAL
650 _aALIMENTAÇÃO PARENTERAL
773 0 _tHora Veterinária (Brazil)
_xISSN 0101-9163
_g(May-Jun 2004), v. 24(139) p. 9-13
_wBR0404590
909 _a202311
_bLúcia
_c55
_dLúcia Elande
942 _2AGRIS
_n0
_cANA
999 _c180124
_d180124